000 004960000a22001810004500
003 MACL
005 20160315122157.0
008 160315b xxu||||| |||| 00| 0 eng d
040 _aMACL
_cMACL
041 _aHindi
082 _a891.433
100 _aराधुवीर शरनाम
_946014
245 _aबन्‍दी
260 _bराष्‍ट्रीय साहित्‍य
_aमेरठ
350 _a3
650 _aPoetry
_946015
942 _cHIN
_k891.431
_2ddc
999 _c24248
_d24248